Concealed Counties! Quiz Stats

 Plays Quiz not verified by Sporcle

Score 0/10 Timer 08:00
0 Plays Today
Hint Answer % Correct
By common consensus, sex is the number 1. hobby - neither pop music nor folk-dancing comes close!Sussex Norfolk
81.4%
The orcs issuing from Dol Guldur hampered the efforts of the elves, but paved the way for the later Mordor set-piece in Lord of the Rings.Durham Dorset
78%
Ken tried to say he was sorry, but Barbie didn't listen, and instead, ran off with the local mayor.Kent Mayo
64.4%
Claude von Trapp says it's a broom, or a yellow gorse, and he knows a thing or two about plants.Devon Moray
64.4%
When Gwen told him what she had done, gallantly, he offered to take the blame.Gwent Donegal
64.4%
Now's the time to panic: he's hired a private detective; you were seen with her in the corn, Wally!Cheshire Cornwall
62.7%
The more or less extraordinary murders in Midsomer set a world record for the highest concentration of deaths per capita in any given area!Essex Somerset
54.2%
She rang us up in the middle of the night, and started to chant Rimbaud at us - nutter!Angus Antrim
50.8%
A little girl called Susan met a satyr one day in a snowy wood, and a great lady fed Edward Turkish Delight; the rest is history.Tyrone Dyfed
44.1%
Will that do, I wonder: rye-bread topped with cream cheese, smoked salmon and caviar - that's enough stuff, if everyone just has one.Derry Fife
40.7%

You're not logged in!

Compare scores with friends on all Sporcle quizzes.
OR
Log In

You Might Also Like...

Show Comments

Extras

Top Quizzes Today


Score Distribution

Your Account Isn't Verified!

In order to create a playlist on Sporcle, you need to verify the email address you used during registration. Go to your Sporcle Settings to finish the process.

Report this User

Report this user for behavior that violates our Community Guidelines.

Details: